=LDR 00000nam 2200000 4500 =001 INLIS000000000057025 =005 20201119100002 =035 ##$$a 0010-1120000096 =007 ta =008 201119###########################0#ind## =020 ##$$a 978-602-322-040-3 =082 ##$$a 004.773 5 =084 ##$$a 004.773 5 Her p =245 1#$$a Panduan virtual literacy /$c Herwan Junaidi =300 ##$$a 20 halaman : $b Ilustrasi ; $c 21 Cm. =650 #4$$a Literasi Virtual =264 ##$$a Bogor :$b Pusat Perpustakaan dan Penyebaran Teknologi Pertanian,$c 2020 =336 ##$$a teks$2 rdacontent =337 ##$$a lain-lain$2 rdamedia =338 ##$$a lain-lain$2 rdacarrier =990 ##$$a 12171217